Geography Quiz

Random Geography or State Quiz

State Capitals With The Most Of Each Letter Quiz Stats

 Plays Quiz Updated Mar 9, 2020

Support Sporcle.
Go Orange.
Score 0/23 Timer 06:00
0 Plays Today
Letter State Capital % Correct
BBoise...
90.6%
DDenver...
85.9%
JJuneau...
84.5%
HPhoenix...
83.8%
ATallahassee/Atlanta
82.9%
LHonolulu...
81.4%
YJefferson City...
81.4%
PSpringfield...
79.8%
KJackson...
79.6%
OBaton Rouge...
79.4%
FFrankfort/Jefferson City
77.2%
UAugusta...
77.1%
Letter State Capital % Correct
GMontgomery...
74.5%
CCarson City/Concord
73.3%
IIndianapolis
70.8%
XPhoenix
68.9%
VDenver...
68.7%
NIndianapolis...
67.3%
TAtlanta...
67%
SDes Moines/Tallahassee
64.5%
MMontgomery
53.1%
RHarrisburg
44.8%
ECheyenne
32.9%

You're not logged in!

Compare scores with friends on all Sporcle quizzes.
OR
Log In

From the Vault

US Westernmost States (W-E)

by MghtyRoach

Otherwise known as Manifest Destiny: Home Edition.
Remove Ads.
Support Sporcle.
Get the best of Sporcle when you Go Orange. This ad-free experience offers more features, more stats, and more fun while also helping to support Sporcle. Thank you for becoming a member.

Show Comments

Extras

Top Quizzes Today


Score Distribution

Your Account Isn't Verified!

In order to create a playlist on Sporcle, you need to verify the email address you used during registration. Go to your Sporcle Settings to finish the process.

Report this User

Report this user for behavior that violates our Community Guidelines.

Details: